| 000 | 00879nam a2200277 4500 | ||
|---|---|---|---|
| 005 | 20260322212038.0 | ||
| 008 | data | ||
| 010 | _a 72007684 | ||
| 020 | _a0122934504 | ||
| 020 | _a9780122934506 | ||
| 040 |
_aDLC _cDLC _dCtY |
||
| 050 | 0 |
_aRC514 _b.G67 1972 |
|
| 096 | _aWM 203 G713s 1972 | ||
| 100 | 1 | _aGottesman, Irving I. | |
| 245 | 1 | 0 |
_aSchizophrenia and genetics; _ba twin study vantage point _c[by] Irving I. Gottesman and James Shields. With a contribution by Paul E. Meehl. |
| 260 | 0 |
_aNew York, _bAcademic Press, _c1972. |
|
| 300 |
_axviii, 433 p. _billus. _c24 cm. |
||
| 440 | 0 |
_aPersonality and psychopathology, _v13 |
|
| 504 | _aBibliography: p. 349-365. | ||
| 590 | _aBibliography: p. 349-365. | ||
| 650 | 0 |
_aSchizophrenia _xGenetic aspects. |
|
| 650 | 0 | _aTwins. | |
| 700 | 1 | _aShields, James. | |
| 700 | 1 |
_aMeehl, Paul E. _q(Paul Everett), _d1920- |
|
| 001 | data | ||
| 999 |
_c905 _d905 |
||